[Event "World Amateur-ch U2000"]
[Site "Cagliari"]
[Date "2018.04.23"]
[Round "2"]
[White "Atzori, Filippo Vittorio"]
[Black "Dai Campi, Danilo"]
[Result "1/2-1/2"]
[WhiteElo "1690"]
[BlackElo "1865"]
[PlyCount "70"]
[EventDate "2018.04.22"]
[EventType "swiss"]
[EventRounds "9"]
[EventCountry "ITA"]
[SourceTitle "CBM 184 Extra"]
[Source "ChessBase"]
[SourceDate "2018.06.28"]
[SourceVersion "1"]
[SourceVersionDate "2018.06.28"]
[SourceQuality "1"]

1. Nf3 Nf6 2. d4 d5 3. c4 c6 4. g3 e6 5. Bg2 Be7 6. Nc3 0-0 7. 0-0 Nbd7 8. Nd2 Re8 9. e4 dxe4 10. Ndxe4 Nxe4 11. Nxe4 Nf6 12. Nc3 h6 13. Be3 Bd7 14. Rb1 Qa5 15. a3 Bd6 16. Qc1 Ng4 17. b4 Qh5 18. h3 Nxe3 19. Qxe3 e5 20. g4 Qg6 21. d5 a5 22. c5 Bf8 23. d6 b6 24. Rfd1 axb4 25. axb4 bxc5 26. bxc5 Ra7 27. Rb6 Rc8 28. Qxe5 Re8 29. Qd4 Rc8 30. Qd3 f5 31. gxf5 Bxf5 32. Qg3 Qxg3 33. fxg3 Bd7 34. Rbb1 Ra3 35. Ne4 Bf5 1/2-1/2

[Event "World Amateur-ch U2000"]
[Site "Cagliari"]
[Date "2018.04.22"]
[Round "1"]
[White "Zielinski, Olgierd"]
[Black "Atzori, Filippo Vittorio"]
[Result "1/2-1/2"]
[WhiteElo "1862"]
[BlackElo "1690"]
[PlyCount "136"]
[EventDate "2018.04.22"]
[EventType "swiss"]
[EventRounds "9"]
[EventCountry "ITA"]
[SourceTitle "CBM 184 Extra"]
[Source "ChessBase"]
[SourceDate "2018.06.28"]
[SourceVersion "1"]
[SourceVersionDate "2018.06.28"]
[SourceQuality "1"]

1. e4 c5 2. Nf3 e6 3. c3 Nf6 4. e5 Nd5 5. d4 cxd4 6. cxd4 Nc6 7. a3 d6 8. Bd3 Be7 9. 0-0 b6 10. Qc2 Qc7 11. Re1 h6 12. Nc3 Bb7 13. Nxd5 exd5 14. e6 0-0 15. b4 a6 16. Bf5 Bc8 17. exf7+ Rxf7 18. Bg6 Rf8 19. Rxe7 Qxe7 20. Qxc6 Bb7 21. Qc3 Rac8 22. Qe1 Qf6 23. Bd3 Rce8 24. Be3 Re7 25. Rc1 Rc8 26. Rxc8+ Bxc8 27. Qc3 Bb7 28. Bc2 g5 29. Qd3 Rg7 30. Qf5 Qe7 31. Bb3 Qf7 32. Qxf7+ Kxf7 33. h4 g4 34. Nh2 g3 35. fxg3 Rxg3 36. Kf2 Rg6 37. g4 Ke6 38. g5 hxg5 39. hxg5 Bc6 40. Bc2 Rg7 41. Bd3 b5 42. Kg3 Be8 43. Nf3 Bg6 44. Bxg6 Rxg6 45. Kg4 Rg8 46. Nh4 Rc8 47. g6 Rc3 48. Bh6 Rxa3 49. Bf8 Rd3 50. Nf5 Rd1 51. Bxd6 Rg1+ 52. Bg3 a5 53. bxa5 b4 54. g7 Kf7 55. Ne7 Kxg7 56. Nxd5 b3 57. Nc3 Rc1 58. d5 Kf6 59. Ne4+ Ke7 60. Be5 Rc2 61. Kf5 b2 62. d6+ Kd7 63. Nf6+ Kd8 64. Bxb2 Rxb2 65. Ke6 Ra2 66. Nd5 Rxa5 67. Nf6 Ra6 68. Ne4 Rxd6+ 1/2-1/2